Reflex : Oxford Bookworms 4

George Millace is photographer. He is good at taking photographs of other people's secrets, and he has a clever way of hiding his photographs. When he dies suddenly, Philip Nore accidentally finds his hidden photographs. Philip is not only a racehorse rider, but also a good photographer, and h...

Fuld beskrivelse

Đã lưu trong:
Bibliografiske detaljer
Hovedforfatter: Francis, Dick
Format: Bog
Sprog:Undetermined
Udgivet: Oxford Oxford Univ. Press 1997
Fag:
Tags: Tilføj Tag
Ingen Tags, Vær først til at tagge denne postø!
Thư viện lưu trữ: Trung tâm Học liệu Trường Đại học Cần Thơ
LEADER 01065nam a2200229Ia 4500
001 CTU_34908
008 210402s9999 xx 000 0 und d
020 |c 28000 
082 |a 823.9 
082 |b F818 
100 |a Francis, Dick 
245 0 |a Reflex : 
245 0 |b Oxford Bookworms 4 
245 0 |c Dick Francis 
260 |a Oxford 
260 |b Oxford Univ. Press 
260 |c 1997 
520 |a George Millace is photographer. He is good at taking photographs of other people's secrets, and he has a clever way of hiding his photographs. When he dies suddenly, Philip Nore accidentally finds his hidden photographs. Philip is not only a racehorse rider, but also a good photographer, and he bigins to uncover George's photographic secrets. Then he learns that he is not the only person who is interested in these photographs - but he is the only one who doesn't want to destroy them 
650 |a English fiction,English literature 
650 |y 20th century 
904 |i Minh, Trong hieu 
980 |a Trung tâm Học liệu Trường Đại học Cần Thơ